<?xml version="1.0" encoding="UTF-8"?>
<record
    xmlns:xsi="http://www.w3.org/2001/XMLSchema-instance"
    xsi:schemaLocation="http://www.loc.gov/MARC21/slim http://www.loc.gov/standards/marcxml/schema/MARC21slim.xsd"
    xmlns="http://www.loc.gov/MARC21/slim">

  <leader>00658cam a2200169   4500</leader>
  <controlfield tag="008">021127s1981    mx      r    u000 0 spa d</controlfield>
  <datafield tag="035" ind1=" " ind2=" ">
    <subfield code="a">a489082</subfield>
  </datafield>
  <datafield tag="050" ind1="0" ind2="4">
    <subfield code="a">PQ7758 </subfield>
    <subfield code="b">B63 1981</subfield>
  </datafield>
  <datafield tag="100" ind1="1" ind2=" ">
    <subfield code="a">Boccanera , Jorge A., </subfield>
    <subfield code="e">(selecci&#xF3;n y  presentaci&#xF3;n)</subfield>
  </datafield>
  <datafield tag="245" ind1="1" ind2="0">
    <subfield code="a">Voces y fragmentos: </subfield>
    <subfield code="b">Poes&#xED;a Argentina de hoy / </subfield>
    <subfield code="c"> presentaci&#xF3;n y selecc. Jorge A. Boccanera</subfield>
  </datafield>
  <datafield tag="260" ind1=" " ind2=" ">
    <subfield code="a">Morelia, Michoac&#xE1;n, M&#xE9;xico: </subfield>
    <subfield code="b">Difusi&#xF3;n cultural / Editorial Universitaria, U.M.S.N.H. </subfield>
    <subfield code="c">1981</subfield>
  </datafield>
  <datafield tag="300" ind1=" " ind2=" ">
    <subfield code="a">242 p. ; </subfield>
    <subfield code="c">21 cm.</subfield>
  </datafield>
  <datafield tag="440" ind1=" " ind2="0">
    <subfield code="a">Colecci&#xF3;n Trilce-Pireni</subfield>
  </datafield>
  <datafield tag="650" ind1=" " ind2="7">
    <subfield code="a">Poes&#xED;a Argentina</subfield>
    <subfield code="x">Colec.</subfield>
  </datafield>
  <datafield tag="650" ind1="0" ind2="4">
    <subfield code="a">Poes&#xED;a Argentina</subfield>
    <subfield code="x">D&#xE9;cada de los 70 's.</subfield>
  </datafield>
  <datafield tag="942" ind1=" " ind2=" ">
    <subfield code="2">lcc</subfield>
    <subfield code="c">LIB</subfield>
  </datafield>
  <datafield tag="999" ind1=" " ind2=" ">
    <subfield code="c">72047</subfield>
    <subfield code="d">72047</subfield>
  </datafield>
  <datafield tag="952" ind1=" " ind2=" ">
    <subfield code="1">0</subfield>
    <subfield code="2">lcc</subfield>
    <subfield code="4">0</subfield>
    <subfield code="7">0</subfield>
    <subfield code="a">BACH-004</subfield>
    <subfield code="b">BACH-004</subfield>
    <subfield code="c">GENERAL</subfield>
    <subfield code="d">2015-10-02</subfield>
    <subfield code="f">1a. ed.</subfield>
    <subfield code="k">EH</subfield>
    <subfield code="o">PQ7084 V6 1981</subfield>
    <subfield code="p">PPO000000450</subfield>
    <subfield code="r">2015-10-02 00:00:00</subfield>
    <subfield code="t">C:1</subfield>
    <subfield code="y">LIB</subfield>
  </datafield>
  <datafield tag="952" ind1=" " ind2=" ">
    <subfield code="1">0</subfield>
    <subfield code="2">lcc</subfield>
    <subfield code="4">0</subfield>
    <subfield code="7">0</subfield>
    <subfield code="a">BACH-004</subfield>
    <subfield code="b">BACH-004</subfield>
    <subfield code="c">GENERAL</subfield>
    <subfield code="d">2015-10-02</subfield>
    <subfield code="f">1a. ed.</subfield>
    <subfield code="k">EH</subfield>
    <subfield code="o">PQ7084 V6 1981</subfield>
    <subfield code="p">PPO000000449</subfield>
    <subfield code="r">2015-10-02 00:00:00</subfield>
    <subfield code="t">C:2</subfield>
    <subfield code="y">LIB</subfield>
  </datafield>
  <datafield tag="952" ind1=" " ind2=" ">
    <subfield code="1">0</subfield>
    <subfield code="2">lcc</subfield>
    <subfield code="4">0</subfield>
    <subfield code="7">0</subfield>
    <subfield code="a">BACH-004</subfield>
    <subfield code="b">BACH-004</subfield>
    <subfield code="c">GENERAL</subfield>
    <subfield code="d">2015-10-02</subfield>
    <subfield code="f">1a. ed.</subfield>
    <subfield code="k">EH</subfield>
    <subfield code="o">PQ7084 V6 1981</subfield>
    <subfield code="p">PPO000000448</subfield>
    <subfield code="r">2015-10-02 00:00:00</subfield>
    <subfield code="t">C:3</subfield>
    <subfield code="y">LIB</subfield>
  </datafield>
  <datafield tag="952" ind1=" " ind2=" ">
    <subfield code="1">0</subfield>
    <subfield code="2">lcc</subfield>
    <subfield code="4">0</subfield>
    <subfield code="7">0</subfield>
    <subfield code="a">BACH-005</subfield>
    <subfield code="b">BACH-005</subfield>
    <subfield code="c">LIT</subfield>
    <subfield code="d">2021-03-08</subfield>
    <subfield code="f">1 a ed.</subfield>
    <subfield code="k">EH</subfield>
    <subfield code="o">PQ7697 V79 1981</subfield>
    <subfield code="p">pjm000001661</subfield>
    <subfield code="r">2021-03-08 00:00:00</subfield>
    <subfield code="t">1</subfield>
    <subfield code="v">1.00</subfield>
    <subfield code="y">LIB</subfield>
  </datafield>
</record>
